|
|
|
|
| LEADER |
00000nam a2200000 i 4500 |
| 001 |
1/58089 |
| 008 |
040623s2002 eng d |
| 020 |
|
|
|a 1859735770
|
| 035 |
|
|
|l 10073885
|
| 040 |
|
|
|a GR-MY-UA
|b gre
|e aacr
|
| 041 |
0 |
|
|a eng
|
| 082 |
0 |
|
|a 380.10947
|2 (21)
|
| 245 |
1 |
0 |
|a Markets and moralities :
|b ethnographies of postsocialism /
|c edited by Ruth Mandel and Caroline Humphrey
|
| 260 |
|
|
|a Oxford; New York :
|b Berg,
|c 2002
|
| 300 |
|
|
|a xiii, 240 σ.;
|c 22 εκ.
|
| 500 |
|
|
|a Originally presented at workshops held at University College London
|
| 504 |
|
|
|a Περιέχει βιβλιογραφία και ευρετήριο
|
| 650 |
0 |
0 |
|a Free enterprise
|z Europe, Eastern.
|
| 650 |
0 |
0 |
|a Free enterprise
|z Former Soviet republics.
|
| 650 |
0 |
0 |
|a Post-communism
|x Case studies.
|
| 651 |
|
0 |
|a Europe, Eastern
|x Economic conditions
|y 1989-
|
| 651 |
|
0 |
|a Former Soviet republics
|x Economic conditions.
|
| 700 |
1 |
|
|a Mandel, Ruth Ellen
|d 1955-
|4 edt
|
| 700 |
1 |
|
|a Humphrey, Caroline.
|4 edt
|
| 852 |
|
|
|a INST
|b LESVOS
|e 20040623
|h 380.10947 MAR
|p 005100030533
|q 005100030533
|t BK
|y 0
|
| 901 |
|
|
|a BIBL1-2004-2
|
| 909 |
|
|
|a Λ
|b 111179
|
| 920 |
|
|
|a ΤΑΚΤΙΚΟΣ ΚΟΙΝΩΝΙΚΗΣ ΑΝΘΡΩΠΟΛΟΓΙΑΣ ΚΑΙ ΙΣΤΟΡΙΑΣ
|y ΛΕΣΒΟΣ
|z 2004-05
|
| 970 |
|
|
|a ΧΡΙΣΤΟΦΑ
|b ΝΙΚΗ
|z 2004/06/23
|